书目信息 |
| 题名: |
管理秀
|
|
| 作者: | 王艳 著 | |
| 分册: | ||
| 出版信息: | 北京 现代出版社 2006.02 |
|
| 页数: | 323页 | |
| 开本: | 22cm | |
| 丛书名: | ||
| 单 册: | ||
| 中图分类: | C931.2 | |
| 科图分类: | ||
| 主题词: | 管理--guan li--方法 | |
| 电子资源: | ||
| ISBN: | 7-80188-596-1 | |
| 000 | 01451nam0 2200241 450 | |
| 001 | 012006651388 | |
| 005 | 20060921155034.92 | |
| 010 | @a7-80188-596-1@dCNY26.00 | |
| 100 | @a20060704d2006 km y0chiy0120 ea | |
| 101 | 0 | @achi |
| 102 | @aCN@b110000 | |
| 105 | @ay z 000yy | |
| 200 | 1 | @a管理秀@Aguan li xiu@e让您的管理更富感染力@f王艳著@Fwang yan zhu |
| 210 | @a北京@c现代出版社@d2006.02 | |
| 215 | @a323页@d22cm | |
| 330 | @a本书共四章,内容包括:秀出你的亲和魅力、秀出你的权威力度、秀出你的个性气质和秀出你的竞争优势。也许很多读者带着这一疑问翻阅本书,因为“作秀”这个词多多少少带有贬义的意思,让许多人觉得俗不可耐。其实词汇只是理念的载体。而且字面意思还会常常被人误解,如果“管理秀”是指通过搭建一个花架子的外壳,将不切合企业现状的管理理念,管理工具,管理技能等套用到企业管理中的幼稚跟随行为,那它就是一个贬义词,但从另一个方面说,如果“管理秀”是通过管理者运用技巧性的领导艺术来进行员工激励,营销策划,创建企业 个性化的品牌和个性文化,那么,它就是有积极意义的,是值得鼓励和肯定并且必须采用的一种管理手段。人生本来就是一个秀场,在人生的舞台上,每个人都应该做自己的导演,各自表达自己,发挥自己的才华,面对于管理者来说,同样也是如此,至于每个人的管理秀场精彩如何,就看各人的表演了。 | |
| 333 | @a管理学研究人员 | |
| 517 | 1 | @a让您的管理更富感染力@Arang nin de guan li geng fu gan ran li |
| 606 | 0 | @a管理@Aguan li@x方法 |
| 690 | @aC931.2@v4 | |
| 701 | 0 | @a王艳@Awang yan@4著 |
| 801 | 0 | @aCN@bQSSK@c20060921 |
| 905 | @a10447@dC931.2@eW445 | |
| 管理秀:让您的管理更富感染力/王艳著.-北京:现代出版社,2006.02 |
| 323页;22cm |
| 使用对象:管理学研究人员 |
| ISBN 7-80188-596-1:CNY26.00 |
| 本书共四章,内容包括:秀出你的亲和魅力、秀出你的权威力度、秀出你的个性气质和秀出你的竞争优势。也许很多读者带着这一疑问翻阅本书,因为“作秀”这个词多多少少带有贬义的意思,让许多人觉得俗不可耐。其实词汇只是理念的载体。而且字面意思还会常常被人误解,如果“管理秀”是指通过搭建一个花架子的外壳,将不切合企业现状的管理理念,管理工具,管理技能等套用到企业管理中的幼稚跟随行为,那它就是一个贬义词,但从另一个方面说,如果“管理秀”是通过管理者运用技巧性的领导艺术来进行员工激励,营销策划,创建企业 个性化的品牌和个性文化,那么,它就是有积极意义的,是值得鼓励和肯定并且必须采用的一种管理手段。人生本来就是一个秀场,在人生的舞台上,每个人都应该做自己的导演,各自表达自己,发挥自己的才华,面对于管理者来说,同样也是如此,至于每个人的管理秀场精彩如何,就看各人的表演了。 |
| ● |
| 相关链接 |
|
|
|
正题名:管理秀
索取号:C931.2/W445
 
预约/预借
| 序号 | 登录号 | 条形码 | 馆藏地/架位号 | 状态 | 备注 |
| 1 | 593833 | 205938333 | 社科库509/509社科库 64排5列6层/ [索取号:C931.2/W445] | 在馆 | |
| 2 | 593834 | 205938342 | 社科库509/509社科库 64排5列6层/ [索取号:C931.2/W445] | 在馆 | |
| 3 | 593835 | 205938351 | 社科库509/509社科库 64排5列6层/ [索取号:C931.2/W445] | 在馆 |